Obálka Náhled e-knihy:
PDF
Pro půjčování e-knih musíte být přihlášeni.
Jak si půjčit online?

Zvířátka z Lanýžového lesa. Nemilé překvapení /

Další dobrodružný příběh zvířátek z lesa v čele s neohroženou vydrou Agátou.

Uloženo v:
Série:Zvířátka z Lanýžového lesa, část 2
Hlavní autor: Lecomte, Ludovic (Autor)
Další autoři: Dumergue, Anne (Autor), Merle, Faustine (Autor), Vranová, Kateřina (Ilustrátor)
Médium: E-kniha
Jazyk:Czech
Vydáno: V Praze : Fragment, 2026
Vydání:1. vydání
Témata:
Příbuzné jednotky:Z cyklu:: Zvířátka z Lanýžového lesa
Tagy:
Žádné tagy
LEADER 02892nam a2200529 i 4500
001 302991
003 CZ PrSKC
005 20260516063244.0
007 ta
008 260513s2026 xr a b 000 j cze
015 |a cnb003758089 
020 |a 9788025377925  |q (vázáno) :  |c Kč 229,00 
040 |a ABG001  |b cze  |e rda 
041 1 |a cze  |h fre 
072 7 |a 821.133.1-3  |x Francouzská próza, francouzsky psaná  |2 Konspekt 
072 7 |a 821-93  |x Literatura pro děti a mládež (beletrie)  |2 Konspekt 
080 |a 821.133.1-32  |2 MRF 
080 |a 821-93  |2 MRF 
080 |a (0:82-32)  |2 MRF 
100 1 |a Lecomte, Ludovic  |7 xx0341719  |4 aut 
240 1 0 |a Ça coule de source.  |l Česky 
245 1 0 |a Zvířátka z Lanýžového lesa.  |p Nemilé překvapení /  |c Ludovic Lecomte, Anne Dumergue ; ilustrovala Faustine Merle ; z francouzského originálu La Forêt des grosses truffes - Ça coule de source ... přeložila Kateřina Vranová 
246 3 0 |a Nemilé překvapení 
250 |a 1. vydání 
264 1 |a V Praze :  |b Fragment,  |c 2026 
300 |a 122 stran :  |b barevné ilustrace ;  |c 19 cm 
336 |a text  |b txt  |2 rdacontent 
337 |a bez média  |b n  |2 rdamedia 
338 |a svazek  |b nc  |2 rdacarrier 
520 2 |a Další dobrodružný příběh zvířátek z lesa v čele s neohroženou vydrou Agátou.  |b V Lanýžovém lese se pořád něco děje a zvířátka v čele s vydrou Agátkou se opravdu nenudí. Tím spíš, když tam někteří otravní lidé dělají neplechu a ruší jejich klid. Podaří se jim zažehnat nebezpečí, které hrozí rybím bratrům Lososínovi a Lososánovi, protože se z řeky začala ztrácet voda? Vymyslí, co si počít s automatickou pračkou, kterou někdo vyhodil do lesa, a ježek Sam s králicí Čoky už přemýšlejí, jakou rošťárnu s ní vyvedou? Nakladatelská anotace. 
521 8 |a Pro čtenáře od 7 let 
655 7 |a francouzské příběhy  |7 fd184214  |2 czenas 
655 7 |a publikace pro děti  |7 fd133156  |2 czenas 
655 9 |a French stories  |2 eczenas 
655 9 |a children's literature  |2 eczenas 
700 1 |a Dumergue, Anne  |7 xx0341716  |4 aut 
700 1 |a Merle, Faustine  |7 mzk20261289317  |4 ill 
700 1 |a Vranová, Kateřina  |7 xx0072098  |4 trl 
710 2 |a Fragment (nakladatelství)  |7 ko2004244768  |4 pbl 
765 1 |t Forêt des grosses truffes 
787 0 8 |i Z cyklu:  |t Zvířátka z Lanýžového lesa  |g 2 
900 |a ABG001  |b 19 
928 9 |a Albatros Media - Fragment 
044 |a xr 
910 |a RBIT002 
998 |d 427161  |a https://core.palmknihy.cz/api/books/427161/cover?tf1pso  |b https://core.palmknihy.cz/api/books/427161/cover/400?tf1pso  |c https://core.palmknihy.cz/api/books/427161/cover/50?tf1pso  |e 2031-11-26  |g 128  |i 9788025377925  |k https://core.palmknihy.cz/api/books/427161/preview.pdf  |l   |q 49  |r 1  |s https://www.palmknihy.cz/kniha/427161  |t ebook  |y 2026  |z 0  |v Zvířátka z Lanýžového lesa  |w 2 
999 |d 302989